| 000 | 00998cam a2200337 4500 | ||
|---|---|---|---|
| 001 | J378 | ||
| 008 | 090401t1991 xxu||||| |||| 00| 0 eng d | ||
| 035 | _a(Sirsi) u74618 | ||
| 041 | _aeng | ||
| 050 | _a333.7 | ||
| 110 |
_aJones Lang Wootton _92909 |
||
| 245 | 2 | _aA new balance: buildings and the environment: a guide for property owners and developers. | |
| 260 |
_aLondon _bJones Lang Wootton _c1991 |
||
| 300 | _aiii,58p. ; 30cm. | ||
| 350 | _a0 | ||
| 650 | _aBUILT ENVIRONMENT-BUILDING COSTS | ||
| 650 | _aBUILT ENVIRONMENT-CONSTRUCTION DESIGN | ||
| 650 | _aENVIRONMENTALLY FRIENDLY BUILDINGS | ||
| 650 | _aEUROPEAN COMMUNITY | ||
| 650 | _aGREENHOUSE EFFECT | ||
| 650 | _aLEGIONNAIRES' DISEASE | ||
| 650 | _aOZONE LAYER | ||
| 650 | _aPOLLUTION | ||
| 650 | _aRADON | ||
| 650 | _aSICK BUILDINGS SYNDROME | ||
| 690 | _aENVIRONMENTAL AND LAND CONSULTANCY | ||
| 710 |
_aMcKenna and Co _93329 |
||
| 710 |
_aGardiner and Theobald _9719 |
||
| 942 | _n0 | ||
| 948 | _c04/03/1997 | ||
| 999 |
_c95896 _d95896 |
||